[Event "Muensterland Verbandsklasse-B 1112"]
[Site "Germany"]
[Date "2012.02.11"]
[Round "6.8"]
[White "Huesmann, Stephan"]
[Black "Hagemann, Bjoern"]
[Result "1-0"]
[WhiteElo "1699"]
[BlackElo "1442"]
[PlyCount "81"]
[EventDate "2011.09.17"]
[EventType "team-tourn"]
[EventRounds "9"]
[EventCountry "GER"]
[SourceTitle "EXT 2013"]
[Source "ChessBase"]
[SourceDate "2012.11.22"]
[SourceVersion "1"]
[SourceVersionDate "2012.11.22"]
[SourceQuality "1"]
[WhiteTeam "Rheine Klein Berlin II"]
[BlackTeam "Nienberge II"]
[WhiteTeamCountry "GER"]
[BlackTeamCountry "GER"]

1. e4 e5 2. Nf3 Nc6 3. Bc4 Bc5 4. c3 d6 5. d4 exd4 6. cxd4 Bb4+ 7. Nc3 Nf6 8. 0-0 0-0 9. Bg5 Re8 10. Nd5 Rxe4 11. Qb3 Ba5 12. Nxf6+ gxf6 13. Bxf7+ Kh8 14. Be3 Ne7 15. Nd2 Bxd2 16. Bxd2 d5 17. Rfe1 Bf5 18. Rxe4 Bxe4 19. Qxb7 Qb8 20. Qxb8+ Rxb8 21. b3 c6 22. Rc1 Kg7 23. Be6 Rb7 24. f3 Bf5 25. Bxf5 Nxf5 26. Bc3 Kf7 27. g4 Ne7 28. Kf2 a6 29. h4 Ke8 30. Re1 Kf7 31. Bb2 Rc7 32. Ba3 Rd7 33. f4 f5 34. Rxe7+ Rxe7 35. Bxe7 Kxe7 36. g5 Kf7 37. h5 Kg7 38. Ke3 Kf7 39. Kd3 Ke7 40. Kc3 Kf7 41. Kb4 1-0